FOOD AND DRINKS #1 (french-english translation) - Statistics

General Stats
  • This quiz has been taken 105 times
  • The average score is 11 of 37
Answer Stats
French Answer % Correct
poisson fish
99%
viande meat
89%
jambon ham
77%
saumon salmon
77%
dinde turkey
52%
jambon fumé smoked ham
48%
fruits de mer seafood
47%
crevettes shrimps / prawns
46%
œufs brouillés scrambled eggs
41%
un rôti a joint / a roast
40%
œufs sur le plat fried eggs
38%
homard lobster
37%
huîtres oysters
36%
moules mussels
35%
œufs à la coque boiled eggs
34%
ragoût stew
24%
truite trout
24%
saucisson sec dry sausage
23%
blanc de poulet chicken breast
22%
boudin noir black pudding
21%
maquereau mackerel
21%
volaille poultry
21%
une côtelette a cutlet / chop
19%
hareng herring
17%
morue / cabillaud cod
16%
coquilles St Jacques scallops
14%
palourdes clams
13%
gigot d'agneau leg of lamb
13%
rognons kidneys
10%
hareng fumé kipper
10%
faux-filet / bifteck d'aloyau sirloin steak / T-bone
9%
coques cockles
5%
lotte monkfish
4%
entrecôte rib steak
4%
dorade sea bream
4%
tourteau common crab
1%
crevettes grises sand shrimps
1%
No matching quizzes found
Score Distribution
Percent of People with Each Score
Percentile by Number Answered
Your Score History
You have not taken this quiz